000
00407nam a22001337a 4500
020
_a
8131300633
082
_a
301.16
100
_a
J K Singh
245
_a
Textbook of Mass communication
260
_a
New Delhi
_b
APH publishing
_c
2009
300
_a
274p
942
_c
BK
999
_c
2794
_d
2794